000 00368 a2200109 4500
001 ART_28324
005 20260410161951.0
008 260409a
245 1 0 _aEl descuento bancario en el nuevo Código Civil y comercial de la Nación
100 1 _aFarinati, Eduardo N.
773 0 _tTemas de derecho comercial
_g- Año 1, Nº 3 (mar. 2015)
_wREV28151
999 _c30400
_d30400